Loading...
| History - Other History | 1 | 4 | 0 | 1 | 55 | 77 | 104.20 | 1 | 5 |
| History - American History | 0 | 3 | 0 | 0 | 30 | 94 | 103.33 | 0 | 3 |
| History - World History | 0 | 3 | 1 | 1 | 25 | 116 | 120.33 | 0 | 3 |
| Beliefs - Religion | 0 | 3 | 1 | 0 | 25 | 93 | 102.00 | 2 | 3 |
| Science - Biology | 1 | 0 | 0 | 0 | 15 | 39 | 39.00 | 1 | 1 |
| Arts - Painting | 0 | 1 | 0 | 0 | 10 | 130 | 130.00 | 0 | 1 |
| Beliefs - Mythology | 1 | 0 | 1 | 0 | 10 | 56 | 56.00 | 1 | 1 |
| Thought - Social Science | 0 | 1 | 0 | 0 | 10 | 105 | 105.00 | 0 | 1 |
| History - Euro History | 0 | 1 | 1 | 0 | 5 | 112 | 112.00 | 0 | 1 |
| Thought - Philosophy | 1 | 0 | 2 | 0 | 5 | 63 | 63.00 | 1 | 1 |
| Literature - World Lit | 0 | 0 | 0 | 0 | 0 | 0.00 | 0 | 0 | |
| Science - Other Science | 0 | 0 | 1 | 0 | -5 | 0.00 | 0 | 0 | |
| Literature - Euro Lit | 0 | 0 | 1 | 0 | -5 | 0.00 | 0 | 0 | |
| Other - Pop Culture | 0 | 0 | 2 | 0 | -10 | 0.00 | 0 | 0 | |
| Other - Other Academic | 0 | 0 | 2 | 0 | -10 | 0.00 | 0 | 0 |